000 00520nam a2200181Ia 4500
005 20250326125147.0
008 250326s9999 xx 000 0 und d
037 _aTextbook
040 _aFMSL
_beng
_cFMSL
041 _aeng
_2eng
084 _aX:97p594N66 K6
_qFMSL
100 _aRoss A M
_9738574
245 0 _aIndustrial relations and economic development
_cRoss A M
260 _aLondon
_bLondon, Macmillan
_c1966
300 _a413p
942 _cTB
_hX:97p594N66 K6
999 _c1276803
_d1276803